| 000 | 00661nam a22002057a 4500 | ||
|---|---|---|---|
| 005 | 20231201151029.0 | ||
| 010 | _aENG-138531 | ||
| 020 |
_c480.00 _a9788190817530 |
||
| 035 | _aEN-122063 | ||
| 037 | _bDBAD/PUB | ||
| 082 | _a330 | ||
| 100 |
_aBarnwal, Kumar Mahesh _959336 |
||
| 245 |
_aIndian Economy: _b(The Gist of Ncert) VI to XII / _cby Mahesh Kumar Barnwal, Kunal Verma |
||
| 250 | _aed 2022-23 | ||
| 260 |
_aDelhi _bCosmos Publication |
||
| 270 |
_bDelhi _aB-3, 37-38-39, Ansal Building, Comm. Complex Dr. Mukherjee Nagar, _e110009 |
||
| 300 |
_a392p. _c28cm(pbk) |
||
| 700 |
_aVerma Kunal _959337 |
||
| 942 |
_2ddc _cEN _h330 _mBAR |
||
| 999 |
_c199388 _d199388 |
||